[Event "Int SVK-ch Open 2020"]
[Site "Drienica"]
[Date "2020.08.10"]
[Round "4.9"]
[White "Kukan, Michal"]
[Black "Hudak, Vasil"]
[Result "0-1"]
[WhiteElo "1760"]
[BlackElo "1984"]
[Annotator "ChessBase"]
[PlyCount "80"]
[EventDate "2020.08.07"]
[EventType "swiss"]
[EventCountry "SVK"]
[SourceTitle "playchess.com"]
[Source "ChessBase"]
[SourceQuality "1"]
[TimeControl "40/5400+30:1800+30"]

1. c4 {[%emt 0:00:00]} Nf6 {[%emt 0:00:00]} 2. Nc3 {[%emt 0:00:00]} c5 {[%emt 0:00:03]} 3. Nf3 {[%emt 0:00:31]} Nc6 {[%emt 0:00:47]} 4. d4 {[%emt 0:00:20]} cxd4 {[%emt 0:00:51]} 5. Nxd4 {[%emt 0:00:12]} g6 {[%emt 0:00:15]} 6. e4 {[%emt 0:00:36]} d6 {[%emt 0:04:17]} 7. Be2 {[%emt 0:01:36]} Bg7 {[%emt 0:01:51]} 8. Be3 {[%emt 0:00:52]} O-O {[%emt 0:00:44]} 9. O-O {[%emt 0:00:16]} Bd7 {[%emt 0:01:02]} 10. Rc1 {[%emt 0:01:09]} Rc8 {[%emt 0:05:29]} 11. b3 {[%emt 0:05:46]} b6 {[%emt 0:08:25]} 12. f3 {[%emt 0:04:00]} Na5 {[%emt 0:03:06]} 13. Qd2 {[%emt 0:02:34]} Nb7 {[%emt 0:02:03]} 14. Rfd1 {[%emt 0:03:01]} Nc5 {[%emt 0:00:57]} 15. Ncb5 {[%emt 0:08:35]} a6 {[%emt 0:00:35]} 16. Nc3 {[%emt 0:01:12]} Be8 {[%emt 0:00:37]} 17. Bh6 {[%emt 0:03:20]} Nfd7 {[%emt 0:00:45]} 18. Bxg7 {[%emt 0:01:58]} Kxg7 {[%emt 0:00:06]} 19. f4 {[%emt 0:01:54]} Kg8 {[%emt 0:13:25]} 20. Bg4 {[%emt 0:02:52]} e6 {[%emt 0:00:52]} 21. Nf3 {[%emt 0:09:24]} Nf6 {[%emt 0:00:15]} 22. Bh3 {[%emt 0:07:39]} Nfxe4 {[%emt 0:00:17]} 23. Nxe4 {[%emt 0:00:55]} Nxe4 {[%emt 0:00:06]} 24. Qe3 {[%emt 0:03:46]} Bc6 {[%emt 0:01:14]} 25. Nd4 {[%emt 0:01:58]} Qc7 {[%emt 0:00:27]} 26. Nxe6 {[%emt 0:02:47]} fxe6 {[%emt 0:00:18]} 27. Bxe6+ {[%emt 0:00:13]} Kg7 {[%emt 0:00:25]} 28. Bxc8 {[%emt 0:00:44]} Qxc8 {[%emt 0:01:08]} 29. Qd4+ {[%emt 0:04:01]} Kg8 {[%emt 0:00:25]} 30. Qxb6 {[%emt 0:04:07]} Rxf4 {[%emt 0:01:24]} 31. c5 {[%emt 0:03:20]} d5 {[%emt 0:01:13]} 32. Rc4 {[%emt 0:04:54]} Rf8 {[%emt 0:01:36]} 33. Rc2 {[%emt 0:02:58]} Rf6 {[%emt 0:01:57]} 34. Qa5 {[%emt 0:02:26]} Qg4 {[%emt 0:01:31]} 35. Re1 {[%emt 0:03:07]} Qc8 {[%emt 0:04:10]} 36. Rce2 {[%emt 0:02:07]} Bb5 {[%emt 0:00:25]} 37. Rc2 {[%emt 0:02:33]} Qf5 {[%emt 0:01:03]} 38. h3 {[%emt 0:01:00]} Ng3 {[%emt 0:01:14]} 39. Qd2 {[%emt 0:02:30]} Ne4 {[%emt 0:00:44]} 40. a4 {[%emt 0:00:59]} Nxd2 {[%emt 0:00:04]} 0-1

[Event "Int SVK-ch Open 2020"]
[Site "Drienica"]
[Date "2020.08.10"]
[Round "4.10"]
[White "Macko Michal"]
[Black "Garancovsky, Pavol"]
[Result "1-0"]
[WhiteElo "2142"]
[BlackElo "2025"]
[Annotator "ChessBase"]
[PlyCount "79"]
[EventDate "2020.08.07"]
[EventType "swiss"]
[EventCountry "SVK"]
[SourceTitle "playchess.com"]
[Source "ChessBase"]
[SourceQuality "1"]
[TimeControl "40/5400+30:1800+30"]

1. e4 {[%emt 0:00:18]} c5 {[%emt 0:09:32]} 2. Nc3 {[%emt 0:00:10]} Nc6 {[%emt 0:00:27]} 3. Bb5 {[%emt 0:00:06]} Nd4 {[%emt 0:00:29]} 4. Bc4 {[%emt 0:00:04]} e6 {[%emt 0:00:16]} 5. Nge2 {[%emt 0:00:12]} a6 {[%emt 0:00:53]} 6. d3 {[%emt 0:00:17]} b5 {[%emt 0:00:54]} 7. Bb3 {[%emt 0:00:05]} Nxb3 {[%emt 0:01:14]} 8. axb3 {[%emt 0:00:03]} Bb7 {[%emt 0:00:09]} 9. O-O {[%emt 0:00:04]} d5 {[%emt 0:13:30]} 10. exd5 {[%emt 0:00:46]} exd5 {[%emt 0:00:56]} 11. d4 {[%emt 0:00:21]} Nf6 {[%emt 0:01:17]} 12. Ng3 {[%emt 0:00:22]} Qd7 {[%emt 0:06:15]} 13. Re1+ {[%emt 0:01:40]} Be7 {[%emt 0:01:13]} 14. dxc5 {[%emt 0:01:26]} O-O {[%emt 0:04:39]} 15. Qd4 {[%emt 0:00:20]} Rac8 {[%emt 0:02:19]} 16. b4 {[%emt 0:00:16]} Ne8 {[%emt 0:03:52]} 17. Bf4 {[%emt 0:01:11]} g5 {[%emt 0:00:40]} 18. Nf5 {[%emt 0:06:28]} Bf6 {[%emt 0:02:44]} 19. Nh6+ {[%emt 0:00:10]} Kg7 {[%emt 0:09:56]} 20. Be5 {[%emt 0:00:07]} Bxe5 {[%emt 0:00:37]} 21. Rxe5 {[%emt 0:00:08]} Kxh6 {[%emt 0:00:58]} 22. Rae1 {[%emt 0:00:55]} Nc7 {[%emt 0:13:04]} 23. h4 {[%emt 0:01:09]} Ne6 {[%emt 0:00:20]} 24. Qg4 {[%emt 0:00:36]} Kg7 {[%emt 0:01:30]} 25. Rxg5+ {[%emt 0:00:46]} Kh8 {[%emt 0:00:49]} 26. Rh5 {[%emt 0:07:11]} Rg8 {[%emt 0:05:17]} 27. Qf5 {[%emt 0:01:00]} Rg6 {[%emt 0:00:39]} 28. Ne2 {[%emt 0:04:20]} Nxc5 {[%emt 0:08:02]} 29. bxc5 {[%emt 0:00:11]} Qxf5 {[%emt 0:00:58]} 30. Rxf5 {[%emt 0:00:03]} Rxc5 {[%emt 0:00:26]} 31. Nd4 {[%emt 0:00:15]} Rc7 {[%emt 0:05:51]} 32. h5 {[%emt 0:02:17]} Rg4 {[%emt 0:00:30]} 33. h6 {[%emt 0:03:04]} Re4 {[%emt 0:01:28]} 34. Re5 {[%emt 0:00:05]} Rc8 {[%emt 0:01:03]} 35. f3 {[%emt 0:00:34]} f6 {[%emt 0:01:13]} 36. Re7 {[%emt 0:00:18]} Rxe1+ {[%emt 0:00:05]} 37. Rxe1 {[%emt 0:00:03]} Kg8 {[%emt 0:00:19]} 38. Re7 {[%emt 0:00:14]} Rc4 {[%emt 0:00:39]} 39. Rg7+ {[%emt 0:01:04]} Kh8 {[%emt 0:00:15]} 40. Rxb7 {[%emt 0:00:07]} 1-0

[Event "Int SVK-ch Open 2020"]
[Site "Drienica"]
[Date "2020.08.10"]
[Round "4.10"]
[White "Malinovsky, Jozef"]
[Black "Panko, Eduard"]
[Result "1/2-1/2"]
[WhiteElo "1698"]
[BlackElo "1958"]
[Annotator "TA"]
[PlyCount "152"]
[EventDate "2020.08.07"]
[EventType "swiss"]
[EventCountry "SVK"]
[SourceTitle "playchess.com"]
[Source "ChessBase"]
[SourceQuality "1"]

{[%evp 9,152,29,39,47,62,57,63,41,179,108,131,127,131,110,184,130,118,90,82,0,8,12,95,45,43,46,44,46,54,42,52,27,83,33,43,16,11,-23,0,-63,-61,-56,-60,-188,-189,-189,-184,-175,-68,-400,-179,-185,-185,-185,-185,-185,-185,-185,-185,-188,-74,-247,-229,-260,-233,-239,-241,-907,-328,-716,-283,-913,-267,-261,-119,-95,-6,-77,-77,-79,0,-25,0,0,0,0,0,0,0,0,8,0,13,13,39,0,244,244,244,205,209,0,268,235,244,119,119,112,119,119,119,118,120,120,191,30,30,30,30,30,30,30,30,0,0,0,0,0,0,0,0,0,0,0,0,0,-8,-184,-184,-643,-184,-1023,-1011,-752,-676]} 1. c4 g6 2. Nc3 Bg7 3. Nf3 f5 4. d4 c5 5. e3 Nc6 6. Be2 {A10: English Opening: Unusual Replies for Black.} b6 7. O-O Bb7 {[#]} 8. a3 $146 {White is slightly better.} ({Predecessor:} 8. Rb1 d6 9. Ng5 Qd7 10. d5 Nd8 11. e4 Nh6 12. Qd3 Nhf7 13. exf5 gxf5 14. Bh5 {1-0 (38) Kolk,M (2142)-Lehemets,E (2031) Viljandi 2003}) 8... d6 (8... Nh6 $14) 9. Rb1 (9. d5 $18) 9... e5 10. d5 Nb8 11. Qa4+ Qd7 (11... Kf8 $16 {might work better.}) 12. Qxd7+ (12. Nb5 $1 $18) 12... Nxd7 $16 13. Nb5 Ke7 14. Nc7 (14. e4 $16) 14... Rc8 $1 $11 {[%cal Rc8c7]} 15. Ne6 Bf6 (15... Bh6 $1 $11) 16. Nd2 (16. e4 {feels hotter.} h6 17. b4 Ba6 18. b5 Bb7 19. a4) 16... Nf8 17. Nxf8 Kxf8 18. e4 Ne7 19. b3 h5 20. Bd3 Kf7 (20... f4 $11) 21. Bb2 f4 22. g3 g5 23. Be2 Rcg8 24. gxf4 (24. b4 $11) 24... gxf4+ $15 25. Kh1 Bc8 26. Rg1 {[#]} (26. Nf3 $15) 26... Bh4 $1 $19 27. Rxg8 Nxg8 28. f3 Bf2 (28... Nf6 $19 29. Rg1 Nh7) 29. Bf1 $2 {[%mdl 8192]} ({White has to play} 29. Kg2 $15 Be3 30. Nf1) 29... Be3 (29... Ne7 $142 30. b4 Rg8) 30. Rd1 Ne7 31. Bg2 Rg8 32. Nf1 Bf2 {Strongly threatening ...Bh3!} 33. Rd2 Bd4 34. Bxd4 cxd4 (34... exd4 $19 35. Ra2 Ng6) 35. Kg1 $2 (35. Rc2 $17) 35... Ng6 36. Kf2 Nh4 37. Bh1 Bh3 {And now ...Bg2 would win.} 38. a4 $2 (38. Rd1) 38... Ke7 $2 (38... Bg2 39. Rd3 Bxh1) 39. Re2 $2 (39. Rd1 Bg2 40. Nd2 Bxh1 41. Rxh1) 39... Kd7 $2 (39... Bg2 40. Bxg2 Rxg2+ 41. Ke1 Nxf3+ 42. Kd1 Rg1) 40. Rd2 $2 (40. Re1 Bg2 41. Nd2 Bxh1 42. Rxh1) 40... Kc7 $2 (40... Bg2 41. Rd3 Bxh1) 41. Rd1 Kb7 (41... Ng2 $19 {is more deadly. aiming for ...Ne3.} 42. Nd2 Ne3) 42. Nd2 $17 a6 (42... Rg6 $17 {Threatening ...Bg2.} 43. Rg1 Rxg1 44. Kxg1 Ka6) 43. Rg1 (43. b4 $1 $11 {remains equal.}) 43... Rxg1 44. Kxg1 {[%mdl 4096] Endgame KBN-KBN} b5 (44... Bd7 $17) 45. a5 bxc4 46. Nxc4 Kc7 47. Kf2 Bd7 48. Nd2 Ng6 49. Bg2 Nf8 50. Bf1 Bc8 51. b4 Ng6 52. Nc4 Nh8 $2 (52... Bd7 $11) 53. Nb6 $18 Bb7 54. Kg2 Nf7 55. Kf2 $2 ({White should play} 55. Bd3 $18) 55... Ng5 $2 {[%mdl 8192]} (55... Nh8 $1 $11 {and Black has nothing to worry.}) 56. h4 Nh7 57. Bh3 (57. b5 $18 {is the precise move to win.} axb5 58. Bxb5) 57... Nf6 58. Bf5 Ne8 59. Ke2 Nf6 60. Kd3 Ne8 61. Kc4 Nf6 {[#]} (61... Kd8 $16 {was called for.}) 62. Bg6 $2 ({Better is} 62. Kb3 $1 $18) 62... Bc8 $11 63. Kd3 Bh3 64. Ke2 Bg2 65. Kf2 Bh3 66. Nc4 Bd7 67. Nd2 Bb5 68. Bf7 Kd7 69. Be6+ Kd8 70. Bf5 Ke7 71. Bg6 Bd3 72. Bf5 Nxd5 {[%mdl 64] Deflection} 73. exd5 $2 (73. b5 $1 $11 {and White stays safe.} Nb4 74. b6) 73... Bxf5 $19 74. Ke2 $2 (74. Nc4) 74... Bd7 $2 (74... Bg6 {Hoping for ...Bf7.} 75. Nc4 Bf7) 75. Nb1 $2 (75. Kf2) 75... Bb5+ 76. Kf2 Bc4 {[%mdl 32768] A wild game. Accuracy: White = 42%, Black = 55%. . An unexpected result.} 1/2-1/2

[Event "Int SVK-ch Open 2020"]
[Site "Drienica"]
[Date "2020.08.12"]
[Round "4.11"]
[White "Svobodova, Michaela"]
[Black "Verbovsky Michal"]
[Result "1-0"]
[WhiteElo "1997"]
[BlackElo "2113"]
[Annotator "TA"]
[PlyCount "141"]
[EventDate "2020.08.07"]
[EventType "swiss"]
[EventCountry "SVK"]
[SourceTitle "playchess.com"]
[Source "ChessBase"]
[SourceQuality "1"]

{[%evp 17,141,0,0,-8,0,0,40,31,42,6,26,31,68,0,0,0,26,18,178,-208,0,0,0,0,0,0,0,0,0,0,0,0,0,0,0,0,0,0,0,0,0,0,349,245,274,260,29994,29995,29995,31,29991,29992,29993,29983,29983,29984,12837,1552,1477,1388,1105,1107,659,487,487,487,452,452,479,479,479,434,456,398,590,579,975,945,2060,2015,12832,12833,12833,12833,12829,1279,12826,12827,12820,12822,12831,12831,12831,12832,12835,12835,12836,12836,12837,12836,12838,12838,12839,12839,12841,12840,12841,12842,12845,12845,12845,12840,12841,12841,12841,12841,12841,12841,12843,12844,12844,12844,12845,12845,12846,12846]} 1. e4 e5 2. Nf3 Nc6 3. Nc3 Nf6 4. d4 exd4 5. Nxd4 Bb4 6. Nxc6 bxc6 7. Bd3 O-O 8. O-O d5 9. exd5 cxd5 10. h3 {C47: Scotch Four Knights and Four Knights with 4 g3.} h6 11. Qf3 Bxc3 12. bxc3 {White is slightly better.} Be6 {[#]} 13. Rb1 $146 ({Predecessor:} 13. Be3 Nd7 14. Rad1 f5 15. Rfe1 Qf6 16. Bd4 Qf7 17. Bb5 a6 18. Bc6 Rae8 19. Rxe6 Rxe6 20. Bxd5 {½-½ (54) Szucs,E (1736)-Horvath,B (2036) Budapest 2015}) 13... Ne4 14. Re1 f5 15. Qh5 ({White should try} 15. Qf4 $14) 15... Qf6 $11 16. Bf4 g5 17. Bxc7 {Hoping for Be5.} Rac8 $2 {[#]} (17... Bf7 $11 {and Black has nothing to worry.} 18. Qf3 Rfe8) 18. Rb7 $4 {[%mdl 8192] [#]} (18. Be5 $1 $18 {[%cal Re5f6][%mdl 512] was the only winning move.} Qxe5 19. Qg6+ Qg7 20. Qxe6+ {[%mdl 64] Double Attack} Kh8 21. c4 (21. Bxe4 dxe4 22. Red1 Rce8 $16)) 18... Rf7 $2 (18... Bf7 $1 $19 {[%cal Rf7h5]} 19. Be5 Bxh5 20. Bxf6 Rxf6 21. Rxa7 Rxc3) 19. Be5 $1 {[%cal Re5f6]} Qxe5 20. Qg6+ Kf8 21. Qxh6+ Ke8 22. Bb5+ Kd8 23. Rxf7 Bxf7 24. Qf8+ {[%mdl 64] Double Attack} Be8 25. f3 $40 {[%mdl 128] Bxe8 is the strong threat. White mounts an attack.} Kc7 26. Bxe8 Rxe8 (26... Qxe8 $2 27. Qxf5 Qd7 28. fxe4 $18) 27. Qb4 {[%mdl 64] Pin} Qg3 28. Qa5+ Kc6 29. Qa6+ Kc5 $2 {[%mdl 8192] White now steadily converts the win.} (29... Kd7 $11 {and Black stays safe.} 30. Qxa7+ Ke6) 30. Qxa7+ Kc6 31. Rb1 Nxc3 $2 (31... Qf2+ $18 32. Qxf2 Nxf2 33. Kxf2 Ra8) 32. Rb6+ Kc5 33. Rb3+ $2 (33. Re6+ {mates} Kb5 34. Qa6+ Kb4 35. a3+ Kc5 36. Qb6+ Kc4 37. Rc6#) 33... Kc4 $2 {[%mdl 8192]} (33... Kd6 $14 34. Rb6+ Kc5 35. Re6+ Kb5 36. Qa6+ Kb4 37. a3+ Kc5 38. Qb6+ Kc4 39. Rc6#) 34. Qa6+ Kd4 35. Qd3+ Ke5 36. Qxc3+ {[%mdl 4096] Endgame KQR-KQR} Ke6 37. Qc6+ (37. Rb6+ $142 Qd6 38. Qe3+ Kf7 {[#]} 39. Qxe8+ $1 {[%mdl 512]} Kxe8 40. Rxd6) 37... Kf7 $18 38. Rb7+ Re7 39. Qxd5+ {[%mdl 64] Double Attack} Kf6 40. Qc6+ ({Weaker is} 40. Qd8 Qe1+ 41. Kh2 Qe5+ 42. Kh1 (42. f4 Qxf4+ 43. Kh1 Qc1+ 44. Kh2 Qf4+ 45. Kh1 Qf1+ 46. Kh2 Qf4+ $11) 42... Qe1+ 43. Kh2 Qe5+ 44. Kh1 (44. f4 Qxf4+ 45. Kh1 Qf1+ 46. Kh2 Qf4+ 47. Kh1 Qf1+ 48. Kh2 Qf4+ $11) 44... Qe1+ 45. Kh2 $11) 40... Re6 41. Qc3+ Qe5 42. Qxe5+ Kxe5 {KR-KR} 43. Rb5+ Kf6 44. Kf2 Rc6 45. Rb2 Ke5 (45... Rc3 $142 46. a4 Ra3 47. Rb6+ Kf7) 46. a4 {[%cal Ba2a4,Ba4a5,Ba5a6,Ba6a7][%mdl 32] White is clearly winning.} Rc3 47. Ra2 Kd6 48. a5 Kc7 49. a6 Kb8 50. a7+ Ka8 51. Ke2 f4 52. Kd2 Rc5 53. c3 Rd5+ 54. Kc2 Rd6 55. c4 Rd4 56. Kc3 Rd1 57. c5 Rc1+ 58. Kd4 Rd1+ 59. Ke5 Rc1 60. Kd6 Rd1+ 61. Kc7 Rd3 62. c6 Rd1 63. Kb6 {c7 would kill now.} Rb1+ 64. Kc5 Rc1+ 65. Kd6 {Intending c7 and mate.} g4 66. fxg4 f3 67. Rf2 fxg2 68. Rxg2 Rd1+ 69. Kc7 Rf1 70. g5 {Threatening mate with g6.} Rf7+ 71. Kd6 {Accuracy: White = 73%, Black = 52%.} 1-0

[Event "Int SVK-ch Open 2020"]
[Site "Drienica"]
[Date "2020.08.10"]
[Round "4.11"]
[White "Belis, Rudolf"]
[Black "Sevcik, Lubomir"]
[Result "1-0"]
[WhiteElo "1924"]
[BlackElo "1748"]
[Annotator "ChessBase"]
[PlyCount "71"]
[EventDate "2020.08.07"]
[EventType "swiss"]
[EventCountry "SVK"]
[SourceTitle "playchess.com"]
[Source "ChessBase"]
[SourceQuality "1"]
[TimeControl "40/5400+30:1800+30"]

1. d4 {[%emt 0:00:00]} d5 {[%emt 0:00:00]} 2. c4 {[%emt 0:00:00]} Nf6 {[%emt 0:00:00]} 3. cxd5 {[%emt 0:00:00]} Nxd5 {[%emt 0:01:21]} 4. Nf3 {[%emt 0:00:00]} c6 {[%emt 0:01:36]} 5. e4 {[%emt 0:00:05]} Nf6 {[%emt 0:00:18]} 6. Nc3 {[%emt 0:00:04]} Bg4 {[%emt 0:00:39]} 7. Bg5 {[%emt 0:07:22]} Qa5 {[%emt 0:02:41]} 8. Qd2 {[%emt 0:02:20]} Bxf3 {[%emt 0:02:09]} 9. gxf3 {[%emt 0:00:16]} Nbd7 {[%emt 0:03:45]} 10. Bc4 {[%emt 0:05:48]} e6 {[%emt 0:03:07]} 11. O-O-O {[%emt 0:01:25]} h6 {[%emt 0:05:02]} 12. Bf4 {[%emt 0:02:30]} Nh5 {[%emt 0:05:09]} 13. Be3 {[%emt 0:01:05]} Bd6 {[%emt 0:04:04]} 14. Kb1 {[%emt 0:01:39]} Qc7 {[%emt 0:03:05]} 15. Bb3 {[%emt 0:03:12]} Nb6 {[%emt 0:04:11]} 16. Rc1 {[%emt 0:03:16]} Bf4 {[%emt 0:08:19]} 17. Nb5 {[%emt 0:11:26]} Qb8 {[%emt 0:02:00]} 18. Bxf4 {[%emt 0:00:46]} Nxf4 {[%emt 0:00:29]} 19. e5 {[%emt 0:00:37]} g5 {[%emt 0:06:15]} 20. Nd6+ {[%emt 0:00:08]} Ke7 {[%emt 0:00:14]} 21. h4 {[%emt 0:00:44]} Qc7 {[%emt 0:03:36]} 22. Nb5 {[%emt 0:07:24]} Qd8 {[%emt 0:04:34]} 23. hxg5 {[%emt 0:02:40]} Nbd5 {[%emt 0:02:02]} 24. Bxd5 {[%emt 0:01:43]} Nxd5 {[%emt 0:03:05]} 25. Nd6 {[%emt 0:01:35]} h5 {[%emt 0:02:41]} 26. f4 {[%emt 0:03:14]} Qb6 {[%emt 0:02:17]} 27. Rh3 {[%emt 0:01:26]} Qa6 {[%emt 0:03:41]} 28. Ra3 {[%emt 0:00:48]} Qb6 {[%emt 0:08:54]} 29. Rb3 {[%emt 0:00:12]} Qxb3 {[%emt 0:00:50]} 30. axb3 {[%emt 0:00:07]} h4 {[%emt 0:00:15]} 31. f5 {[%emt 0:02:36]} exf5 {[%emt 0:05:03]} 32. Nxf5+ {[%emt 0:00:26]} Kd7 {[%emt 0:01:07]} 33. Nd6 {[%emt 0:00:28]} h3 {[%emt 0:01:29]} 34. Rh1 {[%emt 0:01:12]} h2 {[%emt 0:00:39]} 35. f4 {[%emt 0:00:09]} Rh3 {[%emt 0:00:26]} 36. Rxh2 {[%emt 0:00:07]} 1-0

[Event "Int SVK-ch Open 2020"]
[Site "Drienica"]
[Date "2020.08.10"]
[Round "4.12"]
[White "Steiniger, Florian"]
[Black "Buran Jaroslav"]
[Result "0-1"]
[WhiteElo "1899"]
[BlackElo "2098"]
[Annotator "TA"]
[PlyCount "72"]
[EventDate "2020.08.07"]
[EventType "swiss"]
[EventCountry "SVK"]
[SourceTitle "playchess.com"]
[Source "ChessBase"]
[SourceQuality "1"]

{[%evp 14,72,30,25,37,6,27,27,39,7,26,-8,-16,-20,-28,-33,-50,-61,-66,-64,-56,-50,-43,-50,-51,-50,-43,-54,-50,-95,-64,-166,-158,-149,-152,-167,-148,-163,-120,-152,-119,-118,-93,-179,-168,-163,-172,-161,-171,-132,-158,-312,-275,-1356,-1344,-1180,-1140,-29995,-29996,-29997,-29998]} 1. e4 Nf6 2. e5 Nd5 3. c4 Nb6 4. d4 d6 5. exd6 exd6 6. Nc3 Nc6 {[%cal Bb8c6,Bc6b4,Bb4d3][%mdl 32]} 7. Be3 Be7 8. Bd3 Nb4 {B03: Alekhine's Defence: Four Pawns Attack.} 9. Nge2 Nxd3+ 10. Qxd3 d5 {White has an edge.} 11. c5 Nc4 {[#]} 12. O-O $146 {White wants to play Bf4.} (12. Bf4 {seems wilder.} c6 13. b3 Na3 14. O-O O-O 15. Rae1) ({Predecessor:} 12. Bf4 c6 13. b3 Na3 14. Bc1 Qa5 15. Bd2 Qa6 16. Qxa6 bxa6 17. O-O-O O-O 18. Kb2 {0-1 (32) Toth,G (2193)-Racz,Z (2223) Hungary 2015}) 12... Nxe3 13. fxe3 O-O 14. Nf4 c6 15. b4 g6 16. a4 Bf6 17. Qd2 Bf5 18. b5 Re8 19. h3 Bg5 20. Qf2 Qa5 21. Nce2 Re7 22. g4 {[#]} (22. Ra3 $15) 22... Bd3 $1 $19 {[%mdl 512]} 23. bxc6 (23. Nxd3 $2 Bxe3 24. bxc6 bxc6 $19) 23... bxc6 24. Ra3 ({But not} 24. Nxd3 $2 Bxe3 25. Ne5 Rxe5 $19) 24... Bc4 {And now ...Rb8 would win.} 25. Rb1 Rae8 {Threatens to win with ...Bxe2.} 26. Rb2 Bxe2 27. Rxe2 Rb7 28. h4 (28. Ra1 $17) 28... Rb1+ 29. Kg2 Bxf4 30. exf4 Rxe2 31. Qxe2 {[%mdl 4096] Endgame [#] KQR-KQR} Re1 $1 $36 {[%cal Re1e2][%mdl 2048] White is under strong pressure.} 32. Qb2 $2 (32. Qf2 $17) 32... Qa6 33. Qb8+ $2 (33. Kg3) 33... Kg7 34. Kg3 Qf1 {( -> ...Qg1+)} 35. h5 Qg1+ {[%mdl 64] Double Attack} 36. Kh4 Qf2+ {Accuracy: White = 46%, Black = 83%.} 0-1

[Event "Int SVK-ch Open 2020"]
[Site "Drienica"]
[Date "2020.08.10"]
[Round "4.12"]
[White "Lehocz, Jozsef Jr."]
[Black "Bakalar, Jan"]
[Result "1/2-1/2"]
[WhiteElo "1596"]
[BlackElo "1900"]
[Annotator "ChessBase"]
[PlyCount "44"]
[EventDate "2020.08.07"]
[EventType "swiss"]
[EventCountry "SVK"]
[SourceTitle "playchess.com"]
[Source "ChessBase"]
[SourceQuality "1"]
[TimeControl "40/5400+30:1800+30"]

1. e4 e5 2. Bc4 Nf6 3. Nf3 Bc5 4. d3 d6 5. h3 c6 6. Nc3 b5 7. Bb3 a5 8. a3 Qe7 9. Bg5 a4 10. Ba2 Be6 11. d4 exd4 12. Nxd4 h6 13. Nxe6 fxe6 14. Bh4 g5 15. Bg3 e5 16. Qf3 Nbd7 17. Qf5 O-O-O 18. h4 Nh5 19. Qg4 Nhf6 20. Qf5 Nh5 21. Qg4 Nhf6 22. Qf5 Nh5 1/2-1/2

[Event "Int SVK-ch Open 2020"]
[Site "Drienica"]
[Date "2020.08.12"]
[Round "4.13"]
[White "Geffert, Anton"]
[Black "Stevik Patrik"]
[Result "0-1"]
[WhiteElo "1909"]
[BlackElo "2076"]
[Annotator "TA"]
[PlyCount "80"]
[EventDate "2020.08.07"]
[EventType "swiss"]
[EventCountry "SVK"]
[SourceTitle "playchess.com"]
[Source "ChessBase"]
[SourceQuality "1"]

{[%evp 18,80,12,0,46,36,52,32,33,10,60,62,84,59,54,54,85,89,86,50,55,69,189,200,183,131,141,29,37,-60,-60,-58,-58,-45,-36,-66,-20,-62,-58,-87,-89,-391,-201,-245,-110,-123,-97,-96,-96,-29985,-29986,-29984,-224,-221,-220,-1647,-1631,-1625,-1519,-29983,-29984,-29991,-29992,-29992,-29993]} 1. d4 Nf6 2. c4 g6 3. Nc3 Bg7 4. e4 d6 5. h3 O-O 6. Nf3 e5 7. dxe5 dxe5 8. Be3 Nbd7 9. Be2 c6 10. Qc2 Qc7 {E90: King's Indian: Classical: Early deviations and 6 h3.} 11. O-O Nh5 12. Rfd1 Nf4 {White is slightly better.} 13. Bf1 f5 14. exf5 {[#]} gxf5 $146 ({Predecessor:} 14... Rxf5 15. Ne4 Nf6 16. Nxf6+ Rxf6 17. Ng5 Bf5 18. Ne4 Rf7 19. c5 Kh8 20. Qc4 Be6 21. Qa4 Nd5 22. Ng5 Rf6 23. Nxe6 Rxe6 24. Qe4 Nxe3 {½-½ (24) Galve Guinea,A (2029)-Lopez Guaita,F (1925) Aragon 2017}) 15. Bxf4 exf4 16. Re1 Nc5 17. Rad1 a5 18. Na4 Nxa4 19. Qxa4 Bxb2 {[#]} (19... c5 $1 $14) 20. c5 $1 $18 {Threatens to win with Qb3+.} Bf6 21. Bc4+ (21. h4 $18) 21... Kh8 $16 22. Nd4 ({White should play} 22. Bb3 $16) 22... Qg7 $11 23. Ne6 (23. Bf1 $14) 23... Bxe6 $1 $15 24. Bxe6 Bc3 {aiming for ...Rae8.} (24... f3 $5 25. g3 $8 Rae8 $11) 25. Rf1 $1 (25. Rd7 $2 Qg6 $17) 25... Qe5 26. Qc4 f3 $40 {[%mdl 128] Black attacks.} (26... Rae8 $5 {[%cal Re8e6]} 27. Bf7 Re7 $17) 27. g3 Rae8 28. Bd7 Re7 29. Qh4 $2 {[%mdl 8192]} (29. Rd3 $17 {is a better chance.} Be1 30. Qc2) 29... Rg7 (29... Qg7 $142 30. Bxf5 Rxf5 31. Rd8+ Rf8) 30. Rd3 Qxc5 (30... Bb4 $19 {is more deadly.} 31. Re3 Qxc5) 31. Rfd1 Bf6 32. Qf4 Be5 33. Rc1 $2 {[%mdl 8192]} (33. Qe3 $17 Qxe3 34. Rxe3) 33... Rxg3+ $1 {[%mdl 64] Double Attack} 34. Kf1 Qxc1+ $2 (34... Rxh3 {mates} 35. Rxf3 Rh1+ 36. Kg2 Rxc1 37. Qxc1 Qxc1 38. Be6 Rf6 39. Bxf5 Qg5+ {[%mdl 64] Double Attack} 40. Kf1 Rxf5 41. Rd3 Qc1+ 42. Ke2 {[#]} Qc4 $1 {[%mdl 512]} 43. f3 Rh5 44. Ke3 Bf4+ 45. Kf2 Rh2+ 46. Ke1 Qxd3 47. a4 Bg3#) 35. Qxc1 $19 Rxh3 {[%cal Rh3h1]} 36. Ke1 $2 (36. Qg5 Rh1+ 37. Qg1 Rxg1+ 38. Kxg1) 36... Rh1+ {[%mdl 64] Skewer} 37. Kd2 Bf4+ {[%mdl 64] Skewer} 38. Re3 Bxe3+ {Black mates.} 39. fxe3 Rxc1 40. Kxc1 f2 {Never resign too early! Accuracy: White = 39%, Black = 53%.} 0-1